000 00377nam a2200169Ia 4500
100 _aBabu/A.K/ Ajit Pal singh
650 _aAutomobile engineering
942 _cBK
366 _f20
654 _aautomobile
245 _aAutomobile engineering
260 _bS.Chand & Co.
_c2013
082 _a629.24
_bBAB
300 _a356
546 _aENGLISH
_cInfo.Tech
999 _c25585
_d25585